01399nam a2200277 a 450000100100000000500170001000800410002704000250006808200190009310000270011224501350013926000470027430000210032150400320034259000620037459000260043665000640046265000790052665000380060565000470064391000420069095201320073295201170086495201230098199900170110400002600220200930024223.0110225s2007 dr r 000 0 spa d aDO-SdBNPbspacBNPHU a341.484bM491d1 aMedina, Roberto92283910aDerecho internacional privado :blas regularizaciones de status de los extranjeros en la República Dominicana /cRoberto Medina. aSanto Domingo :bEditora Computher,c2007. a472 p. ;c29 cm. aBibliofrafía : p. 466-472 aLa biblioteca posee un ejemplar autografiado por el autor aInventariado, 2018/BT 4aDerecho internacional privadozRepública Dominicana98603 4aProcedimiento civil (derecho internacional)zRepública Dominicana952907 4aExtranjerosxLegislación952908 4aExtranjeroszRepública Dominicana952909 aValidado. Control de calidad. MMOLINA 001054708DSaGRbGRcHDd2011-11-16iLF1l0o341.484 M491dp26002-30r2020-06-25te. 3w2020-06-25yLFDSZPréstamo en sala 0010718PDaPDbPDcHDd2011-02-25iLF1l0o341.484 M491dp26002-10r2020-06-25w2020-06-25yLFPDZNo se presta 0010718PDaPDbPDcHDd2011-02-25iLF1l0o341.484 M491dp26002-20r2020-06-25te. 2w2020-06-25yLFPDZNo se presta c25494d25494